| 000 | 00445nam a2200145Ia 4500 | ||
|---|---|---|---|
| 008 | 151021s9999 xx 000 0 und d | ||
| 020 | _a9.7818579253e+012 | ||
| 050 | _aBT97.2 .W47 2008 | ||
| 245 | _a_Miraculous healing Why does God heal some and not others Henry Frost | ||
| 260 | _aScotland Christian focus 2008 | ||
| 300 | _a128p. | ||
| 650 | _a_God's Healing | ||
| 700 | _a_Joni Eareckson Tada | ||
| 980 | _a^d20141022 12:45:35^oanne | ||
| 999 |
_c15006 _d15006 |
||